Score 0/20 Timer 05:00
0 Plays Today
Question Answer % Correct
What season is this episode in?Season 2
95%
What episode number in the season is it?Epsiode 4
84.1%
What costume was Pinkie Pie wearing?Chicken
82.9%
What holiday is Nightmare Night based on?Halloween
82.6%
What costume was Twilight Sparkle wearing?Starswirl the Bearded
79.7%
Who tells the story of Nightmare Night?Zecora
75.3%
The mayor is wearing what mood-killing costume?Clown
74.7%
Who teaches Luna to stop speaking in the Royal Canterlot Voice?Fluttershy
73.2%
What was his costume?Pirate
69.7%
What is the name of the colt that debuted in this episode?Pipsqueak
66.8%
Question Answer % Correct
'How many ____ do I recieve?'Points
66.8%
'The fun has been...'Doubled!
61.5%
Who pulls the plug on the apple-bobbing bucket?Derpy Hooves
58.5%
When Granny Smith arrives at the library, how long before then was she supposed to be asleep?5 hours
50%
What costume is she wearing?Paper Bag
45.6%
Who voices Princess Luna?Tabitha St. Germain
45.6%
The royal Canterlot voice involves using the royal 'we' and what?Great volume
36.2%
Why does Luna insist on using the Royal Canterlot voice?It's tradition when addressing subjects
31.5%
'Tis a lie! Thine backside is _____ _____ _____ thou ungrateful whelp!'Whole and ungobbled
30.6%
Who wrote the episode?M. A. Larson
22.6%
Remove Ads.
Support Sporcle.
Get the best of Sporcle when you Go Orange. This ad-free experience offers more features, more stats, and more fun while also helping to support Sporcle. Thank you for becoming a member.

You're not logged in!

Compare scores with friends on all Sporcle quizzes.
OR
Log In

Show Comments

Extras

Top Quizzes Today


Score Distribution

Your Account Isn't Verified!

In order to create a playlist on Sporcle, you need to verify the email address you used during registration. Go to your Sporcle Settings to finish the process.

Report this User

Report this user for behavior that violates our Community Guidelines.

Details: